Эдвард Мунк. Эстетика художника (Запись № 12133140)
[ простой вид ]
| 000 -МАРКЕР | |
|---|---|
| контрольное поле | 01302nam0a2200349 4500 |
| 001 - ИДЕНТИФИКАТОР ЗАПИСИ | |
| контрольное поле | RU\NLR\BIBL_A\012148012 |
| 005 - ИДЕНТИФИКАТОР ВЕРСИИ | |
| контрольное поле | 20191212172203.0 |
| 010 ## - МЕЖДУНАРОДНЫЙ СТАНДАРТНЫЙ НОМЕР КНИГИ (ISBN) | |
| Номер (ISBN) | 978-5-3590-1221-8 |
| 021 ## - НОМЕР ГОСУДАРСТВЕННОЙ РЕГИСТРАЦИИ | |
| Код страны | Российская Федерация |
| Номер | АЛ-П-19-00934и |
| Номер Листа государственной регистраци | АЛ-П-19-0176 |
| 035 ## - ДРУГИЕ СИСТЕМНЫЕ НОМЕРА | |
| Идентификатор записи | (NLR Aleph) 012148012 |
| 035 ## - ДРУГИЕ СИСТЕМНЫЕ НОМЕРА | |
| Идентификатор записи | (RuMoRGB)010160283 |
| 100 ## - ДАННЫЕ ОБЩЕЙ ОБРАБОТКИ | |
| Данные общей обработки | 20191128d2019 u y0rusy50 ca |
| 101 0# - ЯЗЫК РЕСУРСА | |
| Язык текста, звукозаписи и т.д. | русский |
| 102 ## - СТРАНА ПУБЛИКАЦИИ ИЛИ ПРОИЗВОДСТВА | |
| Страна публикации | Российская Федерация |
| 105 ## - ПОЛЕ КОДИРОВАННЫХ ДАННЫХ: ТЕКСТОВЫЕ МАТЕРИАЛЫ, МОНОГРАФИЧЕСКИЕ | |
| Кодированные данные о монографическом текстовом документе | ac||z|||001zy |
| 200 1# - ЗАГЛАВИЕ И СВЕДЕНИЯ ОБ ОТВЕТСТВЕННОСТИ | |
| Основное заглавие | Эдвард Мунк. Эстетика художника |
| Сведения, относящиеся к заглавию | [альбом] |
| 210 ## - ПУБЛИКАЦИЯ, РАСПРОСТРАНЕНИЕ И ДР. | |
| Место издания, распространения и т.д. | Москва |
| Имя издателя, распространителя и т. д. | Воскресный день |
| -- | Печатная слобода |
| Дата издания, распространения и т.д. | [2019] |
| 215 ## - ФИЗИЧЕСКАЯ ХАРАКТЕРИСТИКА | |
| Специфическое обозначение материала и объем | 62, [1] с. |
| Другие сведения о физической характеристике | ил., цв. ил., портр. |
| Размеры | 31 |
| 225 1# - СЕРИЯ | |
| Основное заглавие серии | Мастера живописи |
| Наименование части | Золотой фонд |
| 320 ## - ПРИМЕЧАНИЯ О НАЛИЧИИ В ДОКУМЕНТЕ БИБЛИОГРАФИИ / УКАЗАТЕЛЯ | |
| Текст примечания | Указ. произведений в конце кн. |
| 333 ## - ПРИМЕЧАНИЯ ОБ ОСОБЕННОСТЯХ РАСПРОСТРАНЕНИЯ И ИСПОЛЬЗОВАНИЯ | |
| Текст примечания | 16+ |
| 517 1# - ДРУГИЕ ВАРИАНТЫ ЗАГЛАВИЯ | |
| Вариант заглавия | Эстетика художника |
| 600 #1 - ИМЯ ЛИЦА КАК ПРЕДМЕТ | |
| Начальный элемент ввода | Мунк |
| Часть имени, кроме начального элемента ввода | Э. |
| Даты | 1863 - 1944 |
| Расширение инициалов личного имени | Эдвард |
| Формальный подзаголовок | Альбомы |
| Системный номер авторитетной/нормативной записи | 907412 |
| Идентификатор авторитетной/нормативной записи | RU\NLR\AUTH\66330769 |
| 686 1# - ИНДЕКСЫ ДРУГИХ КЛАССИФИКАЦИЙ | |
| Индекс | Щ143(4Нр)6-8Мунк я61 |
| 686 1# - ИНДЕКСЫ ДРУГИХ КЛАССИФИКАЦИЙ | |
| Индекс | Щ153(4Нр)6-8Мунк я61 |
| 700 #1 - ИМЯ ЛИЦА - ПЕРВИЧНАЯ ОТВЕТСТВЕННОСТЬ | |
| Начальный элемент ввода | Мунк |
| Часть имени, кроме начального элемента ввода | Э. |
| Даты | 1863-1944 |
| Расширение инициалов личного имени | Эдвард |
| 942 ## - ДОПОЛНИТЕЛЬНЫЕ ЭЛЕМЕНТЫ ЗАПИСИ (АБИС) | |
| Тип экземпляра АБИС | Книга |
| 980 ## - КОЛЛЕКЦИЯ | |
| Название коллекции | Национальная библиография |
| Тип экземпляра | Дата поступления | Источник поступления | Библиотека постоянного хранения | Библиотека текущего хранения | Место хранения | Шифр хранения | Штрих-код | Статус экземпляра |
|---|---|---|---|---|---|---|---|---|
| Книга | 28.11.2019 | Обязательный экземпляр | РНБ (Садовая) | РНБ (Садовая) | Фонд эстампов и фотографий (изоизданий) | Э АлИс590/2-М905,1 | 1-2933081 | |
| Книга | 28.11.2019 | Обязательный экземпляр | РНБ (Садовая) | РНБ (Садовая) | Фонд эстампов и фотографий (изоизданий) | Э АлИс590/2-М905,1 | 1-2933077 |